<?xml version="1.0" encoding="UTF-8"?>
<record
    xmlns:xsi="http://www.w3.org/2001/XMLSchema-instance"
    xsi:schemaLocation="http://www.loc.gov/MARC21/slim http://www.loc.gov/standards/marcxml/schema/MARC21slim.xsd"
    xmlns="http://www.loc.gov/MARC21/slim">

  <leader>01744ctm a22003251a 4500</leader>
  <controlfield tag="003">SA-RiAUC</controlfield>
  <controlfield tag="005">20251216120724.0</controlfield>
  <controlfield tag="007">co ug ---uuauu&#xA0;&#xA0;&#xA0;&#xA0;&#xA0;&#xA0;&#xA0;&#xA0;&#xA0;</controlfield>
  <controlfield tag="008">251208s1982    su     fsbm   00000 ara c</controlfield>
  <datafield tag="040" ind1=" " ind2=" ">
    <subfield code="a">SA-JeALM</subfield>
    <subfield code="b">ara</subfield>
    <subfield code="c">SA-RiAUC</subfield>
    <subfield code="e">rda</subfield>
  </datafield>
  <datafield tag="082" ind1="0" ind2="4">
    <subfield code="a">237.6</subfield>
    <subfield code="q">SA-RiAUC</subfield>
  </datafield>
  <datafield tag="090" ind1=" " ind2=" ">
    <subfield code="a">&#x631; 237.6 </subfield>
    <subfield code="b">&#x643; &#x628; &#x64A;</subfield>
  </datafield>
  <datafield tag="100" ind1="1" ind2=" ">
    <subfield code="a">&#x627;&#x644;&#x643;&#x628;&#x64A;&#x633;&#x64A;&#x60C; &#x639;&#x628;&#x62F; &#x627;&#x644;&#x63A;&#x646;&#x64A; &#x628;&#x646; &#x62D;&#x645;&#x64A;&#x62F; &#x628;&#x646; &#x645;&#x62D;&#x645;&#x648;&#x62F;</subfield>
  </datafield>
  <datafield tag="245" ind1="1" ind2="0">
    <subfield code="a">&#x643;&#x62A;&#x627;&#x628; &#x62A;&#x62D;&#x641;&#x629; &#x627;&#x644;&#x637;&#x627;&#x644;&#x628; &#x628;&#x645;&#x639;&#x631;&#x641;&#x629; &#x623;&#x62D;&#x627;&#x62F;&#x64A;&#x62B; &#x645;&#x62E;&#x62A;&#x635;&#x631; &#x627;&#x628;&#x646; &#x627;&#x644;&#x62D;&#x627;&#x62C;&#x628; / </subfield>
    <subfield code="c">&#x639;&#x628;&#x62F; &#x627;&#x644;&#x63A;&#x646;&#x64A; &#x628;&#x646; &#x62D;&#x645;&#x64A;&#x62F; &#x628;&#x646; &#x645;&#x62D;&#x645;&#x648;&#x62F; &#x627;&#x644;&#x643;&#x628;&#x64A;&#x633;&#x64A; &#x61B; &#x625;&#x634;&#x631;&#x627;&#x641; &#x645;&#x62D;&#x645;&#x62F; &#x623;&#x62D;&#x645;&#x62F; &#x64A;&#x648;&#x633;&#x641; &#x627;&#x644;&#x642;&#x627;&#x633;&#x645;.</subfield>
    <subfield code="h">[&#x645;&#x644;&#x641; &#x643;&#x645;&#x628;&#x64A;&#x648;&#x62A;&#x631;] /</subfield>
  </datafield>
  <datafield tag="246" ind1="3" ind2="0">
    <subfield code="a">&#x62A;&#x62D;&#x641;&#x629; &#x627;&#x644;&#x637;&#x627;&#x644;&#x628; &#x628;&#x645;&#x639;&#x631;&#x641;&#x629; &#x623;&#x62D;&#x627;&#x62F;&#x64A;&#x62B; &#x645;&#x62E;&#x62A;&#x635;&#x631; &#x627;&#x628;&#x646; &#x627;&#x644;&#x62D;&#x627;&#x62C;&#x628;</subfield>
  </datafield>
  <datafield tag="260" ind1=" " ind2=" ">
    <subfield code="c">[1982]</subfield>
  </datafield>
  <datafield tag="264" ind1=" " ind2=" ">
    <subfield code="a">&#x645;&#x643;&#x629; &#x627;&#x644;&#x645;&#x643;&#x631;&#x645;&#x629; : </subfield>
    <subfield code="b">&#x62C;&#x627;&#x645;&#x639;&#x629; &#x623;&#x645; &#x627;&#x644;&#x642;&#x631;&#x649;</subfield>
    <subfield code="c">1982</subfield>
  </datafield>
  <datafield tag="300" ind1=" " ind2=" ">
    <subfield code="a">460 &#x648;&#x631;&#x642;&#x629;&#x61B;</subfield>
    <subfield code="c">30 &#x633;&#x645;</subfield>
  </datafield>
  <datafield tag="500" ind1=" " ind2=" ">
    <subfield code="a">&#x623;&#x637;&#x631;&#x648;&#x62D;&#x629; (&#x645;&#x627;&#x62C;&#x633;&#x62A;&#x64A;&#x631;)-&#x62C;&#x627;&#x645;&#x639;&#x629; &#x623;&#x645; &#x627;&#x644;&#x642;&#x631;&#x649;&#x60C; &#x643;&#x644;&#x64A;&#x629; &#x627;&#x644;&#x634;&#x631;&#x64A;&#x639;&#x629;&#x60C; 1403 &#x647;&#x640;.</subfield>
  </datafield>
  <datafield tag="502" ind1=" " ind2=" ">
    <subfield code="a">&#x623;&#x637;&#x631;&#x648;&#x62D;&#x629; (&#x645;&#x627;&#x62C;&#x633;&#x62A;&#x64A;&#x631;)-&#x62C;&#x627;&#x645;&#x639;&#x629; &#x623;&#x645; &#x627;&#x644;&#x642;&#x631;&#x649;&#x60C; &#x643;&#x644;&#x64A;&#x629; &#x627;&#x644;&#x634;&#x631;&#x64A;&#x639;&#x629;&#x60C; 1403 &#x647;&#x640;.</subfield>
  </datafield>
  <datafield tag="504" ind1=" " ind2=" ">
    <subfield code="a">&#x64A;&#x634;&#x62A;&#x645;&#x644; &#x639;&#x644;&#x649; &#x625;&#x631;&#x62C;&#x627;&#x639;&#x627;&#x62A; &#x628;&#x628;&#x644;&#x64A;&#x648;&#x62C;&#x631;&#x627;&#x641;&#x64A;&#x629;.</subfield>
  </datafield>
  <datafield tag="650" ind1=" " ind2="7">
    <subfield code="a">&#x627;&#x644;&#x62D;&#x62F;&#x64A;&#x62B;</subfield>
    <subfield code="x">&#x645;&#x633;&#x62A;&#x62E;&#x631;&#x62C;&#x627;&#x62A;</subfield>
    <subfield code="2">aucsh</subfield>
  </datafield>
  <datafield tag="650" ind1=" " ind2="7">
    <subfield code="a">&#x623;&#x635;&#x648;&#x644; &#x627;&#x644;&#x641;&#x642;&#x647; &#x627;&#x644;&#x625;&#x633;&#x644;&#x627;&#x645;&#x64A;</subfield>
    <subfield code="2">aucsh</subfield>
  </datafield>
  <datafield tag="700" ind1="1" ind2="2">
    <subfield code="a">&#x627;&#x628;&#x646; &#x627;&#x644;&#x62D;&#x627;&#x62C;&#x628;&#x60C; &#x639;&#x62B;&#x645;&#x627;&#x646; &#x628;&#x646; &#x639;&#x645;&#x631; &#x628;&#x646; &#x623;&#x628;&#x64A; &#x628;&#x643;&#x631;&#x60C;</subfield>
    <subfield code="d">570-646 &#x647;&#x62C;&#x631;&#x64A;</subfield>
  </datafield>
  <datafield tag="700" ind1=" " ind2=" ">
    <subfield code="a">&#x627;&#x644;&#x642;&#x627;&#x633;&#x645;, &#x645;&#x62D;&#x645;&#x62F; &#x623;&#x62D;&#x645;&#x62F; &#x64A;&#x648;&#x633;&#x641;.</subfield>
    <subfield code="e">&#x625;&#x634;&#x631;&#x627;&#x641;</subfield>
  </datafield>
  <datafield tag="740" ind1="0" ind2="2">
    <subfield code="a">&#x645;&#x62E;&#x62A;&#x635;&#x631; &#x645;&#x646;&#x62A;&#x647;&#x649; &#x627;&#x644;&#x633;&#x624;&#x644; &#x648;&#x627;&#x644;&#x623;&#x645;&#x644; &#x641;&#x64A; &#x639;&#x644;&#x645;&#x64A; &#x627;&#x644;&#x623;&#x635;&#x648;&#x644; &#x648;&#x627;&#x644;&#x62C;&#x62F;&#x644;.</subfield>
  </datafield>
  <datafield tag="740" ind1="0" ind2="2">
    <subfield code="a">&#x645;&#x646;&#x62A;&#x647;&#x649; &#x627;&#x644;&#x633;&#x624;&#x644; &#x648;&#x627;&#x644;&#x623;&#x645;&#x644; &#x641;&#x64A; &#x639;&#x644;&#x645;&#x64A; &#x627;&#x644;&#x623;&#x635;&#x648;&#x644; &#x648;&#x627;&#x644;&#x62C;&#x62F;&#x644;.</subfield>
  </datafield>
  <datafield tag="942" ind1=" " ind2=" ">
    <subfield code="2">ddc</subfield>
    <subfield code="c">THESES</subfield>
    <subfield code="n">0</subfield>
  </datafield>
  <datafield tag="949" ind1=" " ind2=" ">
    <subfield code="a">SA-JeALM</subfield>
    <subfield code="d">251208</subfield>
    <subfield code="u">mohamedma123</subfield>
    <subfield code="n">1</subfield>
  </datafield>
  <datafield tag="952" ind1=" " ind2=" ">
    <subfield code="0">0</subfield>
    <subfield code="1">0</subfield>
    <subfield code="2">ddc</subfield>
    <subfield code="4">0</subfield>
    <subfield code="7">0</subfield>
    <subfield code="a">WAHAB</subfield>
    <subfield code="b">WAHAB</subfield>
    <subfield code="d">2025-12-16</subfield>
    <subfield code="l">0</subfield>
    <subfield code="o">&#x631; 237.6  &#x643; &#x628; &#x64A;</subfield>
    <subfield code="p">000021732</subfield>
    <subfield code="r">2025-12-16 12:08:45</subfield>
    <subfield code="w">2025-12-16</subfield>
    <subfield code="y">THESES</subfield>
  </datafield>
  <datafield tag="999" ind1=" " ind2=" ">
    <subfield code="c">13555</subfield>
    <subfield code="d">13555</subfield>
  </datafield>
</record>
